Reforming agricultural trade for developing countries

में बचाया:
ग्रंथसूची विवरण
स्वरूप: पुस्तक
भाषा:Undetermined
प्रकाशित: Washington, DC. The World Bank 2007
विषय:
टैग : टैग जोड़ें
कोई टैग नहीं, इस रिकॉर्ड को टैग करने वाले पहले व्यक्ति बनें!
Thư viện lưu trữ: Trung tâm Học liệu Trường Đại học Cần Thơ
LEADER 00577nam a2200181Ia 4500
001 CTU_117194
008 210402s9999 xx 000 0 und d
082 |a 382.41 
082 |b R281 
245 0 |a Reforming agricultural trade for developing countries 
245 0 |c Alex F. McCalla, John Nash editors 
260 |a Washington, DC. 
260 |b The World Bank 
260 |c 2007 
650 |a World trade organization,Agriculture and state 
650 |x Developing countries,Developing countries 
904 |i Vuong 
980 |a Trung tâm Học liệu Trường Đại học Cần Thơ